| 000 | 02029nam0a2200373 i 4500 | ||
|---|---|---|---|
| 001 | RU\NLR\bibl\1914193 | ||
| 005 | 20260408064206.0 | ||
| 010 |
_a9785725324600 _9200 |
||
| 021 |
_aRU _b2012-39033 _92892 |
||
| 035 | _a(nilc)RSL-KNO-005446326 | ||
| 035 | _a(NLR Aleph) 001903708 | ||
| 090 |
_a3082247 _c3082247 |
||
| 100 | _a20120604d2012 k y0rusy50 ca | ||
| 101 | 0 | _arus | |
| 102 | _aRU | ||
| 105 | _aa ||||||||| | ||
| 200 | 1 |
_aПромышленность Иркутской области: проблемы, потенциал и перспективы развития _f[д-ра экон. наук, профессора М.А. Винокуров, С.Д. Аникеев, А.П. Суходолов и др. _gпод общ. ред. М.А. Винокурова] _gМ-во образования и науки Российской Федерации, Байкальский гос. ун-т экономики и права, М-во экономического развития, труда, науки и высш. шк. Иркутской обл. |
|
| 210 |
_aИркутск _cИзд-во БГУЭП _d2012 |
||
| 215 |
_a271 с. _cил. _d30 |
||
| 300 | _aАвт. указаны на обороте тит.л. | ||
| 606 |
_aПромышленность _yИркутская область _9936113 _3RU\NLR\auth\66345530 |
||
| 686 |
_aУ9(2Р-4Ир)300,0 _2rubbk |
||
| 686 | _aУ30(2Р-4Ир) | ||
| 701 | 1 |
_aВинокуров _bМ. А. _f1949- _gМихаил Алексеевич _4070 |
|
| 701 | 1 |
_aАникеев _bС. Д. _gСергей Дмитриевич _4070 |
|
| 701 | 1 |
_aСуходолов _bА. П. _f1956- _gАлександр Петрович _4070 |
|
| 712 | 0 | 2 |
_4570 _aБайкальский государственный университет экономики и права _cИркутск _3RU\NLR\AUTH\8810041217 _9581665 |
| 801 | 0 |
_aRU _bRuMoRKP _c20120604 _grcr |
|
| 801 | 1 |
_aRU _bРГБ _c20120604 |
|
| 801 | 2 |
_aRU _bNLR _c20120614 _grcr |
|
| 830 | _aпо эк | ||
| 942 | _cBOOK | ||
| 980 | _aNBR | ||